[Event "Titled Tuesday intern op 16th Apr Late"]
[Site "Chess.com INT"]
[Date "2024.04.16"]
[Round "5"]
[White "Asish, Panda"]
[Black "Playa, Marcelo"]
[Result "1-0"]
[WhiteElo "1884"]
[BlackElo "2376"]
[PlyCount "51"]
[EventDate "2024.04.16"]
[EventType "swiss (blitz)"]
[EventRounds "11"]
[EventCountry "USA"]
[SourceTitle "CB17_2024"]
[SourceDate "2024.04.24"]
[SourceVersion "1"]
[SourceVersionDate "2024.04.24"]
[SourceQuality "1"]

1. e4 e6 2. Nf3 d5 3. Nc3 Nf6 4. e5 Nfd7 5. d4 c5 6. dxc5 Bxc5 7. Bd3 Nc6 8. Bf4 Nb4 9. h4 Nxd3+ 10. Qxd3 Bb4 11. Rh3 Qa5 12. Kf1 Bxc3 13. bxc3 Nc5 14. Qe3 Bd7 15. Nd2 0-0-0 16. Qd4 Kb8 17. Be3 b6 18. Rg3 Rhg8 19. Kg1 Rc8 20. Qf4 Qxc3 21. Bd4 Qxc2 22. Qxf7 Rgf8 23. Qe7 Qxd2 24. Bxc5 bxc5 25. Rb1+ Ka8 26. Qxd7 1-0

[Event "Titled Tuesday intern op 16th Apr Late"]
[Site "Chess.com INT"]
[Date "2024.04.16"]
[Round "11"]
[White "Asish, Panda"]
[Black "Venkatesh, Narayan"]
[Result "1-0"]
[WhiteElo "1884"]
[BlackElo "2033"]
[PlyCount "81"]
[EventDate "2024.04.16"]
[EventType "swiss (blitz)"]
[EventRounds "11"]
[EventCountry "USA"]
[SourceTitle "CB17_2024"]
[SourceDate "2024.04.24"]
[SourceVersion "1"]
[SourceVersionDate "2024.04.24"]
[SourceQuality "1"]

1. e4 e6 2. Nf3 d5 3. Nc3 d4 4. Ne2 c5 5. d3 Nc6 6. g3 e5 7. Bg2 Nf6 8. 0-0 Be7 9. Ne1 0-0 10. f4 Ne8 11. f5 Bg5 12. h4 Bxc1 13. Qxc1 f6 14. g4 Nd6 15. g5 c4 16. Nf3 Bd7 17. Ng3 Rc8 18. a3 Qb6 19. g6 h6 20. Nh2 cxd3 21. cxd3 Nb4 22. Qd2 Nc2 23. Ng4 Rfe8 24. Nxh6+ gxh6 25. Qxh6 Re7 26. Nh5 Ne8 27. g7 Rxg7 28. Nxg7 Nxg7 29. Rac1 Ne3 30. Rxc8+ Bxc8 31. Rf3 Qc7 32. Qxf6 Qc1+ 33. Bf1 Qc7 34. Qg5 Kf8 35. f6 Ne6 36. Qh6+ Kf7 37. Qh7+ Kf8 38. Qh8+ Kf7 39. Rg3 Qd8 40. Rg7+ Kxf6 41. Qh6# 1-0

[Event "Titled Tuesday intern op 16th Apr Late"]
[Site "Chess.com INT"]
[Date "2024.04.16"]
[Round "1"]
[White "Lazavik, Denis"]
[Black "Asish, Panda"]
[Result "1-0"]
[WhiteElo "2572"]
[BlackElo "1884"]
[PlyCount "145"]
[EventDate "2024.04.16"]
[EventType "swiss (blitz)"]
[EventRounds "11"]
[EventCountry "USA"]
[SourceTitle "CB17_2024"]
[SourceDate "2024.04.24"]
[SourceVersion "1"]
[SourceVersionDate "2024.04.24"]
[SourceQuality "1"]

1. d4 d5 2. c4 e6 3. Nf3 Nf6 4. g3 Be7 5. Bg2 0-0 6. 0-0 Ne4 7. Qc2 c6 8. Nc3 f5 9. Be3 Nd7 10. Rad1 g5 11. Nxe4 fxe4 12. Ne5 Nxe5 13. dxe5 Qe8 14. f3 exf3 15. exf3 Bd7 16. f4 gxf4 17. gxf4 Qg6 18. Qe2 Kh8 19. Kh1 Be8 20. cxd5 cxd5 21. Bd4 Bc6 22. Bh3 Qh6 23. Qe3 Bc5 24. Bg4 Bxd4 25. Rxd4 Rg8 26. Qh3 Qxh3 27. Bxh3 Rg6 28. Rg1 Rxg1+ 29. Kxg1 Rg8+ 30. Kf2 Rg6 31. Bf1 Kg7 32. Rd2 Kf8 33. Bd3 Rg4 34. Kf3 h5 35. Bc2 Ke7 36. Ke3 Rh4 37. Bd1 Rh3+ 38. Kd4 Bb5 39. b3 a5 40. Kc5 Bc6 41. Kb6 a4 42. bxa4 Ra3 43. a5 Rc3 44. Rc2 Ra3 45. Rg2 d4 46. Rg7+ Kf8 47. Rg6 Bd5 48. Bxh5 d3 49. Rg3 Bc4 50. Re3 Rxa2 51. Re1 Ba6 52. h3 d2 53. Rd1 Bc4 54. Rb1 Bd3 55. Rb4 Bg6 56. Bg4 Bf5 57. Rd4 Bxg4 58. hxg4 Rb2+ 59. Kc7 Ke7 60. Rd7+ Ke8 61. Rd3 Ke7 62. f5 exf5 63. gxf5 Rb5 64. f6+ Ke6 65. Rd6+ Kxe5 66. f7 Rc5+ 67. Kd7 Rd5 68. Rxd5+ Kxd5 69. f8Q Kc4 70. Qd6 Kc3 71. Kc7 Kc2 72. Kxb7 d1Q 73. Qxd1+ 1-0

[Event "Titled Tuesday intern op 02nd Apr Late"]
[Site "Chess.com INT"]
[Date "2024.04.02"]
[Round "5"]
[White "Ghasi, Ameet K"]
[Black "Asish, Panda"]
[Result "1-0"]
[WhiteElo "2486"]
[BlackElo "1884"]
[PlyCount "133"]
[EventDate "2024.04.02"]
[EventType "swiss (blitz)"]
[EventRounds "11"]
[EventCountry "USA"]
[SourceTitle "CB15_2024"]
[SourceDate "2024.04.10"]
[SourceVersion "1"]
[SourceVersionDate "2024.04.10"]
[SourceQuality "1"]

1. b3 d5 2. Bb2 e6 3. Nf3 Nf6 4. e3 Be7 5. c4 0-0 6. Qc2 c5 7. cxd5 Nxd5 8. h4 Nb4 9. Qc1 N8c6 10. a3 Nd3+ 11. Bxd3 Qxd3 12. Qc3 Qxc3 13. Bxc3 b5 14. 0-0 Bb7 15. Rc1 Rfd8 16. d4 cxd4 17. Nxd4 Nxd4 18. Bxd4 Rac8 19. Nc3 a6 20. h5 Rc6 21. a4 Rdc8 22. axb5 axb5 23. Ra7 R8c7 24. Be5 Rd7 25. Rd1 Rxd1+ 26. Nxd1 Rc1 27. Rxb7 Rxd1+ 28. Kh2 Bf8 29. Rb8 Rd5 30. f4 f6 31. Bc3 Rxh5+ 32. Kg3 Kf7 33. Kf3 Rd5 34. g4 Rd3 35. Rc8 b4 36. Bd4 Rxb3 37. Rc7+ Ke8 38. Ke4 Rb1 39. f5 exf5+ 40. gxf5 b3 41. Kd5 b2 42. Rb7 Ba3 43. Ke6 Kd8 44. Kf7 Kc8 45. Rb3 Rd1 46. Bxb2 Rd7+ 47. Kg8 Bxb2 48. Rxb2 g6 49. e4 gxf5 50. exf5 Rd5 51. Rf2 Rd7 52. Rc2+ Kd8 53. Kf8 Rd5 54. Rf2 Kd7 55. Kf7 Rd6 56. Rh2 Kc6 57. Rc2+ Kb5 58. Ke7 Ra6 59. Rh2 Kc5 60. Rd2 Kc4 61. Kf7 Kc3 62. Rd8 Kc4 63. Rd1 Kc3 64. Kg7 Kc2 65. Rh1 Kd3 66. Kxh7 Ke4 67. Kg6 1-0

[Event "Titled Tuesday intern op 02nd Apr Late"]
[Site "Chess.com INT"]
[Date "2024.04.02"]
[Round "1"]
[White "Swiatlowski, Lukasz"]
[Black "Asish, Panda"]
[Result "0-1"]
[WhiteElo "2199"]
[BlackElo "1884"]
[PlyCount "106"]
[EventDate "2024.04.02"]
[EventType "swiss (blitz)"]
[EventRounds "11"]
[EventCountry "USA"]
[SourceTitle "CB15_2024"]
[SourceDate "2024.04.10"]
[SourceVersion "1"]
[SourceVersionDate "2024.04.10"]
[SourceQuality "1"]

1. Nf3 d5 2. g3 Nf6 3. Bg2 e6 4. d3 Be7 5. 0-0 0-0 6. Nbd2 c5 7. e4 dxe4 8. dxe4 Nc6 9. c3 Qc7 10. Qc2 b5 11. Re1 Bb7 12. h3 Rfd8 13. Nf1 a5 14. Bf4 e5 15. Bg5 Bc8 16. a4 b4 17. Ne3 Be6 18. Bxf6 Bxf6 19. Bf1 Ne7 20. Nd2 Qd7 21. Ndc4 Qb7 22. f3 h5 23. h4 g5 24. hxg5 Bxg5 25. Nxe5 h4 26. f4 Qc7 27. Nf3 Bh6 28. Nxh4 Rd7 29. Qh2 Rad8 30. Rad1 Rxd1 31. Rxd1 Rxd1 32. Nxd1 Bb3 33. Ne3 Bg7 34. Nhf5 Nxf5 35. Nxf5 Qd8 36. Qh5 Be6 37. Nxg7 Kxg7 38. f5 Bb3 39. Qg4+ Kf8 40. e5 Qd2 41. Qf4 Qxf4 42. gxf4 Bxa4 43. Kf2 Bc2 44. f6 a4 45. cxb4 cxb4 46. Ke2 a3 47. bxa3 bxa3 48. Kd2 a2 49. Kxc2 a1Q 50. Bd3 Qa4+ 51. Kd2 Qxf4+ 52. Kc3 Qxe5+ 53. Kc4 Qxf6 0-1

[Event "Titled Tuesday intern op 06th Feb Late"]
[Site "Chess.com INT"]
[Date "2024.02.06"]
[Round "1"]
[White "Asish, Panda"]
[Black "Sevian, Samuel"]
[Result "0-1"]
[WhiteElo "1807"]
[BlackElo "2697"]
[PlyCount "124"]
[EventDate "2024.02.06"]
[EventType "swiss (blitz)"]
[EventRounds "11"]
[EventCountry "USA"]
[SourceTitle "CB07_2024"]
[SourceDate "2024.02.14"]
[SourceVersion "1"]
[SourceVersionDate "2024.02.14"]
[SourceQuality "1"]

1. e4 c5 2. Nf3 d6 3. d4 cxd4 4. Qxd4 Bd7 5. Nc3 Nc6 6. Qd2 Nf6 7. b3 g6 8. Bb2 Bg7 9. 0-0-0 0-0 10. Kb1 Rc8 11. h4 Bg4 12. a3 Qa5 13. Be2 h5 14. Nd5 Qxd2 15. Nxf6+ Bxf6 16. Rxd2 Bxb2 17. Kxb2 Kg7 18. Nd4 Nxd4 19. Bxg4 Nxb3 20. Bxc8 Nxd2 21. Bxb7 Rb8 22. Kc3 Rxb7 23. Kxd2 f5 24. exf5 gxf5 25. Rh3 f4 26. Rf3 e5 27. Rd3 Rb6 28. g3 fxg3 29. Rxg3+ Kf6 30. Rg5 Ra6 31. Rxh5 Rxa3 32. Rh6+ Ke7 33. h5 a5 34. Rg6 Rh3 35. h6 a4 36. Kc1 a3 37. Kb1 Rh2 38. Rg7+ Kf6 39. Rd7 Ke6 40. Ra7 Rh1+ 41. Ka2 Rxh6 42. Rxa3 Kd5 43. Rf3 Ke4 44. Rf8 Rh3 45. Kb2 Rf3 46. Rd8 d5 47. Kc1 Rxf2 48. Kb2 d4 49. Rh8 Ke3 50. Rh3+ Rf3 51. Rh1 e4 52. Kb3 Rf2 53. Rh3+ Kf4 54. Rh4+ Kf3 55. Rh3+ Kg4 56. Rh8 e3 57. Re8 Rd2 58. Re4+ Kf3 59. Re8 e2 60. Kb2 Rd1 61. Rf8+ Kg4 62. Rg8+ Kh5 0-1

[Event "Titled Tuesday intern op 23rd Jan Late"]
[Site "Chess.com INT"]
[Date "2024.01.23"]
[Round "2"]
[White "Asish, Panda"]
[Black "Batsuren, Dambasuren"]
[Result "0-1"]
[WhiteElo "1795"]
[BlackElo "2528"]
[PlyCount "70"]
[EventDate "2024.01.23"]
[EventType "swiss (blitz)"]
[EventRounds "11"]
[EventCountry "USA"]
[SourceTitle "CB05_2024"]
[SourceDate "2024.01.31"]
[SourceVersion "1"]
[SourceVersionDate "2024.01.31"]
[SourceQuality "1"]

1. e4 c6 2. c4 d5 3. cxd5 cxd5 4. exd5 Nf6 5. Nf3 Nxd5 6. Nc3 Nb6 7. d4 g6 8. Bb5+ Bd7 9. Bd3 Bg7 10. 0-0 0-0 11. Re1 Bg4 12. Be3 Nc6 13. Be4 Nc4 14. h3 Bxf3 15. Qxf3 Rc8 16. Bxc6 Rxc6 17. Rab1 Qa5 18. Nd5 Re6 19. Nf4 Rd6 20. Qxb7 Bxd4 21. Qxe7 Bxe3 22. fxe3 Rd2 23. Qe4 Nxb2 24. Kh1 Qxa2 25. Rf1 Qc4 26. Qxc4 Nxc4 27. Rb7 Nxe3 28. Re1 Nf5 29. Rxa7 Rc8 30. Kg1 h5 31. Rb1 h4 32. Rbb7 Rc1+ 33. Kh2 Ng3 34. Rb8+ Kg7 35. Ne6+ Kf6 0-1

[Event "Titled Tuesday intern op 23rd Jan Late"]
[Site "Chess.com INT"]
[Date "2024.01.23"]
[Round "6"]
[White "Asish, Panda"]
[Black "Esmeraldas Huachi, Anderson Yahir"]
[Result "1-0"]
[WhiteElo "1795"]
[BlackElo "2153"]
[PlyCount "77"]
[EventDate "2024.01.23"]
[EventType "swiss (blitz)"]
[EventRounds "11"]
[EventCountry "USA"]
[SourceTitle "CB05_2024"]
[SourceDate "2024.01.31"]
[SourceVersion "1"]
[SourceVersionDate "2024.01.31"]
[SourceQuality "1"]

1. e4 c5 2. Nf3 d6 3. d4 cxd4 4. Qxd4 Nc6 5. Bb5 Bd7 6. Bxc6 Bxc6 7. c4 Nf6 8. Nc3 e6 9. Bg5 Qb6 10. Bxf6 gxf6 11. Qxf6 Rg8 12. Ng5 Qc7 13. Nxe6 Qe7 14. Qxe7+ Kxe7 15. Nxf8 Raxf8 16. 0-0 f5 17. f3 fxe4 18. Nxe4 Bxe4 19. fxe4 Rxf1+ 20. Rxf1 Rg4 21. Re1 Ke6 22. g3 Ke5 23. Kf2 Kd4 24. b3 Kc3 25. Kf3 Rg6 26. Rd1 a5 27. h4 h5 28. Rd5 b6 29. Rxh5 Kb2 30. Rb5 Kxa2 31. Rxb6 Rf6+ 32. Kg2 Re6 33. c5 Rxe4 34. cxd6 Rd4 35. h5 Rd5 36. h6 Ka3 37. h7 Rh5 38. d7 Rxh7 39. d8Q 1-0

[Event "Titled Tuesday intern op 23rd Jan Late"]
[Site "Chess.com INT"]
[Date "2024.01.23"]
[Round "4"]
[White "Asish, Panda"]
[Black "Urbina Perez, Juan Antonio"]
[Result "1-0"]
[WhiteElo "1795"]
[BlackElo "2266"]
[PlyCount "35"]
[EventDate "2024.01.23"]
[EventType "swiss (blitz)"]
[EventRounds "11"]
[EventCountry "USA"]
[SourceTitle "CB05_2024"]
[SourceDate "2024.01.31"]
[SourceVersion "1"]
[SourceVersionDate "2024.01.31"]
[SourceQuality "1"]

1. e4 e5 2. Nf3 Nc6 3. Bc4 Be7 4. c3 Nf6 5. d3 0-0 6. 0-0 d5 7. exd5 Nxd5 8. Re1 Bf6 9. Nbd2 Re8 10. Ne4 Bg4 11. h3 Bxf3 12. Qxf3 Nb6 13. Bb3 Na5 14. Bc2 Be7 15. Be3 Nc6 16. Bb3 Bf6 17. Rad1 Nd5 18. Bxd5 1-0

[Event "Titled Tuesday intern op 19th Dec Early"]
[Site "Chess.com INT"]
[Date "2023.12.19"]
[Round "8"]
[White "Asish, Panda"]
[Black "Baum, Jonasz"]
[Result "1-0"]
[WhiteElo "1773"]
[BlackElo "2421"]
[PlyCount "73"]
[EventDate "2023.12.19"]
[EventType "swiss (blitz)"]
[EventRounds "11"]
[EventCountry "USA"]
[SourceTitle "CB52_2023"]
[SourceDate "2023.12.27"]
[SourceVersion "1"]
[SourceVersionDate "2023.12.27"]
[SourceQuality "1"]

1. e4 c5 2. Nf3 Nc6 3. Bb5 d6 4. 0-0 Bd7 5. c3 a6 6. Ba4 Nf6 7. Re1 b5 8. Bc2 Bg4 9. h3 Bxf3 10. Qxf3 e6 11. d3 Be7 12. Nd2 0-0 13. Nf1 d5 14. Ng3 c4 15. d4 dxe4 16. Nxe4 Nd5 17. Bf4 a5 18. a3 b4 19. axb4 axb4 20. Rxa8 Qxa8 21. Bd6 b3 22. Bb1 h6 23. Bxe7 Ncxe7 24. Nc5 Nb6 25. Qg4 Kh8 26. Kh2 Qa1 27. Qe4 Ng6 28. Nxe6 Re8 29. Qc6 Rg8 30. Qxb6 fxe6 31. Qxe6 Nf8 32. Qxg8+ Kxg8 33. Bh7+ Kxh7 34. Rxa1 Kg6 35. Ra4 Kf5 36. Rxc4 Ke4 37. Rb4 1-0

[Event "Titled Tuesday intern op 19th Dec Early"]
[Site "Chess.com INT"]
[Date "2023.12.19"]
[Round "5"]
[White "San, Thit Lwin"]
[Black "Asish, Panda"]
[Result "1/2-1/2"]
[WhiteElo "2242"]
[BlackElo "1773"]
[PlyCount "143"]
[EventDate "2023.12.19"]
[EventType "swiss (blitz)"]
[EventRounds "11"]
[EventCountry "USA"]
[SourceTitle "CB52_2023"]
[SourceDate "2023.12.27"]
[SourceVersion "1"]
[SourceVersionDate "2023.12.27"]
[SourceQuality "1"]

1. Nf3 d5 2. c4 e6 3. d4 Nf6 4. Nc3 Be7 5. Bg5 0-0 6. e3 b6 7. cxd5 exd5 8. Qc2 Bb7 9. Bd3 h6 10. Bh4 a6 11. 0-0 c5 12. Rfd1 Nc6 13. a3 cxd4 14. exd4 b5 15. Bf5 Bc8 16. Rac1 b4 17. axb4 Nxb4 18. Qb1 a5 19. Ne5 Bxf5 20. Qxf5 Rc8 21. Bxf6 Bxf6 22. Nd7 Re8 23. Nxf6+ Qxf6 24. Qxf6 gxf6 25. Kf1 Kg7 26. Na4 Rc4 27. Nb6 Rxc1 28. Rxc1 Nd3 29. Ra1 Nxb2 30. Rxa5 Nd3 31. g3 Re1+ 32. Kg2 Re2 33. Kf3 Rb2 34. Nxd5 Nxf2 35. Ra6 Nh3 36. Nxf6 Ng5+ 37. Kg4 Rb4 38. Nh5+ Kf8 39. Ra8+ Ke7 40. Ra7+ Ke8 41. Nf4 Rxd4 42. h4 Ne6 43. Kf5 Nxf4 44. gxf4 Rd6 45. h5 Kf8 46. Ra5 Kg7 47. Ra7 Rb6 48. Kg4 Kf6 49. Ra4 Rd6 50. Ra5 Kg7 51. Rf5 Rd1 52. Re5 Kf6 53. Ra5 Kg7 54. Ra6 Rg1+ 55. Kf5 Rh1 56. Kg4 Rg1+ 57. Kf5 Rg2 58. Ra7 Rb2 59. Rc7 Rb5+ 60. Kg4 Rb1 61. Rc6 Re1 62. Kf5 Rh1 63. Kg4 Rh2 64. Rb6 Rd2 65. Ra6 Rd5 66. Rb6 f5+ 67. Kf3 Rd3+ 68. Kg2 Rd4 69. Kg3 Rd3+ 70. Kg2 Rd2+ 71. Kg3 Rd3+ 72. Kg2 1/2-1/2

[Event "Titled Tuesday intern op 12th Dec Early"]
[Site "Chess.com INT"]
[Date "2023.12.12"]
[Round "8"]
[White "Asish, Panda"]
[Black "Chlpik, Martin"]
[Result "0-1"]
[WhiteElo "1773"]
[BlackElo "2283"]
[PlyCount "76"]
[EventDate "2023.12.12"]
[EventType "swiss (blitz)"]
[EventRounds "11"]
[EventCountry "USA"]
[SourceTitle "CB51_2023"]
[SourceDate "2023.12.20"]
[SourceVersion "1"]
[SourceVersionDate "2023.12.20"]
[SourceQuality "1"]

1. e4 c5 2. Nf3 d6 3. d4 cxd4 4. Qxd4 Nc6 5. Bb5 Bd7 6. Bxc6 Bxc6 7. c4 Nf6 8. Nc3 e6 9. Bg5 Be7 10. 0-0 0-0 11. Rfd1 h6 12. Bh4 Nxe4 13. Nxe4 Bxh4 14. Nxd6 Bxf3 15. gxf3 Bf6 16. Qg4 Qb6 17. Ne4 Bxb2 18. c5 Qc7 19. Rab1 f5 20. Qg6 fxe4 21. Rxb2 exf3 22. Qxe6+ Kh8 23. Rbd2 Qf4 24. Rd4 Rad8 25. Qe3 Qg4+ 26. Kf1 Qg2+ 27. Ke1 Rde8 28. Re4 Rxe4 29. Qxe4 Qg1+ 30. Kd2 Rd8+ 31. Ke3 Qxd1 32. Qxb7 Qe2+ 33. Kf4 Rf8+ 34. Kg4 Qe6+ 35. Kg3 Qg6+ 36. Kh3 Qg2+ 37. Kh4 Rf4+ 38. Kh5 Qg5# 0-1

[Event "Titled Tuesday intern op 12th Dec Early"]
[Site "Chess.com INT"]
[Date "2023.12.12"]
[Round "7"]
[White "Chinguun, Sumiya"]
[Black "Asish, Panda"]
[Result "1-0"]
[WhiteElo "2319"]
[BlackElo "1773"]
[PlyCount "59"]
[EventDate "2023.12.12"]
[EventType "swiss (blitz)"]
[EventRounds "11"]
[EventCountry "USA"]
[SourceTitle "CB51_2023"]
[SourceDate "2023.12.20"]
[SourceVersion "1"]
[SourceVersionDate "2023.12.20"]
[SourceQuality "1"]

1. e4 e6 2. d4 d5 3. Nc3 Nf6 4. e5 Nfd7 5. f4 c5 6. Nf3 Nc6 7. Ne2 a6 8. c3 b5 9. Be3 Be7 10. g3 0-0 11. Bg2 f5 12. exf6 Nxf6 13. 0-0 c4 14. Ne5 Bb7 15. Kh1 Ne4 16. Nxc6 Bxc6 17. Ng1 b4 18. Qe1 bxc3 19. bxc3 Qa5 20. Bd2 Rab8 21. Nf3 Rb2 22. a4 Rf6 23. Bc1 Rc2 24. Ba3 Bxa3 25. Rxa3 Rxc3 26. Ng5 Nxg5 27. fxg5 Rxf1+ 28. Bxf1 e5 29. Rxc3 exd4 30. Qe6+ 1-0

[Event "Titled Tuesday intern op 12th Dec Early"]
[Site "Chess.com INT"]
[Date "2023.12.12"]
[Round "4"]
[White "Piddubna, Bozhena"]
[Black "Asish, Panda"]
[Result "0-1"]
[WhiteElo "2035"]
[BlackElo "1773"]
[PlyCount "90"]
[EventDate "2023.12.12"]
[EventType "swiss (blitz)"]
[EventRounds "11"]
[EventCountry "USA"]
[SourceTitle "CB51_2023"]
[SourceDate "2023.12.20"]
[SourceVersion "1"]
[SourceVersionDate "2023.12.20"]
[SourceQuality "1"]

1. d4 d5 2. Nf3 Nf6 3. c4 e6 4. g3 Be7 5. Bg2 0-0 6. 0-0 b6 7. Nc3 Bb7 8. Qd3 Nbd7 9. Ne5 dxc4 10. Qxc4 Bxg2 11. Kxg2 c5 12. Nc6 Qe8 13. Nxe7+ Qxe7 14. dxc5 Nxc5 15. Bg5 Rac8 16. Qh4 Qb7+ 17. Kg1 Nd5 18. Nxd5 Qxd5 19. Rfd1 Qe5 20. Be7 Rfe8 21. Bxc5 bxc5 22. Rd2 c4 23. Rc1 c3 24. bxc3 Rxc3 25. Rxc3 Qxc3 26. Qd4 Qc1+ 27. Rd1 Qc2 28. Rd2 Qb1+ 29. Kg2 Qb7+ 30. f3 h6 31. Rb2 Qa6 32. Qe3 Rc8 33. Rd2 Qa4 34. Kf2 a5 35. Qb3 Qc6 36. Rd3 a4 37. Qa3 Qb6+ 38. Re3 Rc4 39. Qd3 Qc5 40. Kg2 Rc2 41. a3 g6 42. Re4 Rc1 43. Qe3 Qc2 44. Qxh6 Qd1 45. Rh4 Qf1# 0-1